Evaluación de la confiabilidad en sistemas eléctricos de distribución
Shranjeno v:
| Glavni avtor: | |
|---|---|
| Drugi avtorji: | |
| Format: | Knjiga |
| Izdano: |
[San José, Costa Rica]
2004
|
| Teme: | |
| Oznake: |
Označite
Brez oznak, prvi označite!
|
MARC
| LEADER | 00000nam a2200000Ia 4500 | ||
|---|---|---|---|
| 003 | 009435 | ||
| 005 | 20240523105241.0 | ||
| 008 | 140114s2004 cr a m 000 ||s d | ||
| 040 | |c cru CEDI | ||
| 090 | |a TFG 4978 | ||
| 100 | |a Varela Varela, Vanessa, 1979- |9 3110 | ||
| 245 | |a Evaluación de la confiabilidad en sistemas eléctricos de distribución | ||
| 260 | |a [San José, Costa Rica] |c 2004 | ||
| 300 | |a x,102 hojas ; ilustraciones a color | ||
| 500 | |a Proyecto de graduación (bachillerato en ingeniería eléctrica)--Universidad de Costa Rica. Facultad de Ingeniería. Escuela de Ingeniería Eléctrica | ||
| 501 | |a Profesor Guía de IE-0502 Proyecto Eléctrico: Dr. Franklin Chinchilla Hidalgo | ||
| 650 | |x METODO DE MONTECARLO |x DISTRIBUCION DE ENERGIA ELECTRICA |x SISTEMAS DE ENERGIA ELECTRICA |9 6241 | ||
| 700 | |a Chinchilla Hidalgo, Franklin, 1951-2020 |d Director del Proyecto Eléctrico |9 1059 | ||
| 942 | |c TFG |h TFG 4978 |i 009435 |6 TFG_4978_009435000000000 | ||
| 999 | |c 17445 |d 17445 | ||
